Namenszusätze aller Länder der Welt - einfache Version - Statistiken

Allgemein
  • Dieses Quiz wurde 17 mal gespielt
  • Das Durchschnittsergebnis liegt bei 66 aus 199
Antwortstatistiken
Hinweis Antwort Land % Korrekt
Arabische Republik Ägypten
62%
Republik Albanien
62%
Dominikanische Republik
62%
Bundesrepublik Deutschland
54%
Vereinigte Arabische Emirate
54%
Königreich Dänemark
54%
Vereinigtes Königreich Großbritannien
54%
Republik Äquatorialguinea
54%
Argentinische Republik
54%
Republik Armenien
54%
Republik Aserbaidschan
54%
Republik Dschibuti
54%
Republik Ecuador
54%
Republik El Salvador
54%
Republik Côte d’Ivoire
54%
Republik Finnland
54%
Hellenische Republik (Griechenland)
54%
Islamische Republik Iran
54%
Demokratische Republik Kongo
54%
Zentralafrikanische Republik
54%
Republik Zypern
54%
Föderierte Staaten von Mikronesien
54%
Vereinigte Staaten von Amerika
54%
Fürstentum Monaco
46%
Königreich Eswatini
46%
Königreich Norwegen
46%
Königreich Schweden
46%
Königreich Spanien
46%
Republik Angola
46%
Republik Belarus
46%
Republik Benin
46%
Republik Botsuana
46%
Föderative Republik Brasilien
46%
Republik Bulgarien
46%
Republik Burundi
46%
Republik Chile
46%
Republik China (Taiwan)
46%
Republik Costa Rica
46%
Republik Estland
46%
Republik Gambia
46%
Republik Ghana
46%
Republik Guatemala
46%
Republik Guinea
46%
Republik Guinea-Bissau
46%
Kooperative Republik Guyana
46%
Republik Haiti
46%
Republik Honduras
46%
Republik Indien
46%
Republik Indonesien
46%
Republik Irak
46%
Republik Kongo
46%
Republik Malta
46%
Republik Mauritius
46%
Republik Moldau
46%
Republik Österreich
46%
Demokratische Republik Timor-Leste
46%
Portugiesische Republik
46%
Demokratische Republik São Tóme und Príncipe
46%
Slowakische Republik
46%
Demokratische Sozialistische Republik Sri Lanka
46%
Republik Südafriak
46%
Tschechische Republik
46%
Sozialistische Republik Vietnam
46%
Plurinationaler Staat Bolivien
46%
Unabhängiger Staat Papua-Neuguinea
46%
Volksrepublik China
46%
Königreich Belgien
38%
Königreich Bhutan
38%
Haschemitisches Königreich Jordanien
38%
Königreich der Niederlande
38%
Königreich Saudi-Arabien
38%
Königreich Thailand
38%
Republik Fidschi
38%
Französische Republik
38%
Gabunische Republik
38%
Italienische Republik
38%
Republik Kamerun
38%
Republik Cabo Verde
38%
Republik Kasachstan
38%
Republik Kenia
38%
Kirgisische Republik
38%
Republik Kiribati
38%
Republik Kolumbien
38%
Republik Korea
38%
Republik Kosovo
38%
Republik Kroatien
38%
Republik Kuba
38%
Republik Lettland
38%
Libanesische Republik
38%
Republik Liberia
38%
Republik Litauen
38%
Republik Madagaskar
38%
Republik Malawi
38%
Republik Malediven
38%
Republik Mali
38%
Republik Marshallinseln
38%
Islamische Republik Mauretanien
38%
Republik Mosambik
38%
Republik Namibia
38%
Republik Nauru
38%
Republik Nicaragua
38%
Republik Niger
38%
Republik Nordmazedonien
38%
Islamische Republik Pakistan
38%
Republik Palau
38%
Republik Panama
38%
Republik Paraguay
38%
Republik Peru
38%
Republik der Philippinen
38%
Republik Polen
38%
Republik Ruanda
38%
Republik Sambia
38%
Republik San Marino
38%
Republik Senegal
38%
Republik Serbien
38%
Republik Seychellen
38%
Republik Sierra Leone
38%
Republik Simbabwe
38%
Republik Singapur
38%
Republik Slowenien
38%
Republik Sudan
38%
Republik Südsudan
38%
Republik Suriname
38%
Republik Tadschikistan
38%
Republik Togo
38%
Republik Tschad
38%
Tunesische Republik
38%
Republik Türkei
38%
Republik Uganda
38%
Republik Östlich des Uruguay
38%
Republik Usbekistan
38%
Republik Vanuatu
38%
Unabhängiger Staat Samoa
38%
Vereinigte Mexikanische Staaten
38%
Fürstentum Andorra
31%
Republik Jemen
31%
Arabische Republik Syrien
31%
Vereinigte Republik Tansania
31%
Republik Trinidad und Tobago
31%
Boliviarische Republik Venezuela
31%
Schweizerische Eidgenossenschaft
23%
Russische Föderation
23%
Fürstentum Liechtenstein
23%
Königreich Bahrein
23%
Königreich Kambodscha
23%
Königreich Marokko
23%
Staat Israel
23%
Staat Palästina
23%
Demokratische Volksrepublik Korea
23%
Islamisches Emirat Afghanistan
15%
Königreich Lesotho
15%
Königreich Tonga
15%
Staat Eritrea
15%
Staat Katar
15%
Staat Kuwait
15%
Staat Libyen
15%
Staat Vatikanstadt
15%
Demokratische Volksrepublik Algerien
15%
Demokratische Volksrepublik Laos
15%
Burkina Faso
8%
Brunei Darussalam
8%
Föderation St. Kitts und Nevis
8%
Großherzogtum Luxemburg
8%
Sultanat Oman
8%
X Antigua und Barbuda
8%
X Australien
8%
X Barbados
8%
X Belize
8%
X Bosnien und Herzegowina
8%
X Cookinseln
8%
X Georgien
8%
X Grenada
8%
X Irland
8%
X Jamaika
8%
X Kanada
8%
X Malaysia
8%
X Mongolei
8%
X Nepal
8%
X Niue
8%
X Rumänien
8%
X Salomonen
8%
X St. Lucia
8%
X Turkmenistan
8%
X Ukraine
8%
Demokratische Bundesrepublik Äthiopien
0%
Bundesrepublik Nigeria
0%
Bundesrepublik Somalia
0%
Commonwealth der Bahamas
0%
Commonwealth Dominica
0%
Republik der Union Myanmar
0%
Union der Komoren
0%
Volkrepublik Bangladesch
0%
X Island
0%
X Japan
0%
X Montenegro
0%
X Neuseeland
0%
X St. Vincent und die Grenadinen
0%
X Tuvalu
0%
X Ungarn
0%
Keine übereinstimmenden Quizze gefunden
Verteilung der Resultate
Anzahl Personen mit jedem Resultat
Perzentil nach korrekt beantworteten Fragen
Ihre Resultats-Entwicklung
Sie haben dieses Quiz noch nicht gespielt